000
00311nam a22001337a 4500
003
SGT
020
_a
9780253221186
082
_a
341.23
_b
JOL
100
_a
JOLLY RICHARD
245
_a
UN IDEAS THAT CHANGED THE WORLD
260
_a
BLOOMINGTON
_b
INDIANA UNIVERSITY PRESS
_c
2009
300
_a
310
942
_2
ddc
_c
BK
999
_c
33275
_d
33275